Hindu and Muslim mysticism.

Bibliographic Details
Main Author: Zaehner, R. C. (Robert Charles), 1913-1974
Format: Book
Language:English
Published: [London] : University of London, Athlone Press, 1960.
Series:Jordan lectures in comparative religion ; 5.
Subjects:

MARC

Tag First Indicator Second Indicator Subfields
LEADER 00000cam a2200000 4500
001 in00000286321
005 20151010073126.0
008 720810s1960 enk b 00000 eng d
010 |a  61001206  
035 |a (OCoLC)00377290 
035 |9 ABF0379AM 
040 |c WSU  |d TXA  |d UtOrBLW 
049 |a TXAM  |c [634301] 
090 |a BL2015.M9  |b Z3 1960 
100 1 |a Zaehner, R. C.  |q (Robert Charles),  |d 1913-1974. 
245 1 0 |a Hindu and Muslim mysticism. 
264 1 |a [London] :  |b University of London, Athlone Press,  |c 1960. 
300 |a 234 pages 
336 |a text  |b txt  |2 rdacontent 
337 |a unmediated  |b n  |2 rdamedia 
338 |a volume  |b nc  |2 rdacarrier 
490 1 |a Jordan lectures in comparative religion,  |v 5 
504 |a Includes bibliography. 
650 0 |a Mysticism  |z India. 
650 0 |a Mysticism  |x Islam. 
830 0 |a Jordan lectures in comparative religion ;  |v 5. 
999 |a MARS 
999 f f |s 18cd2af4-f0c7-3ed0-abae-b0845e36383e  |i 087a961c-e725-300a-9cb7-420f91fc5a8e  |t 0 
952 f f |p ric  |a Texas A&M University  |b Rellis Campus  |c Joint Library Facility  |d Remote Storage  |t 0  |e BL2015.M9 Z3 1960  |h Library of Congress classification  |i unmediated -- volume  |m A14801745692 
998 f f |a BL2015.M9 Z3 1960  |t 0  |l Remote Storage